Etelä-Amerikan maantiede #1 - Statistics

Yleistilastot
  • Tätä visaa on pelattu 351 kertaa
  • Keskiarvotulos 11 / 20
Vastaustilastot
Kysymys Vastaus % Oikein
Mikä on Etelä-Amerikan pisin joki? Amazon
98%
Mikä on Etelä-Amerikan suurin vuoristo? Andit
86%
Mikä on Etelä-Amerikan puhutuin kieli? Portugali
86%
Missä kaupungissa sijaitsevat Sokeritoppavuori ja Ipanema? Rio de Janeiro
80%
Mitkä kaksi pääkaupunkia sijaitsevat Río de la Platan rannalla? Buenos Aires
71%
Mitkä kaksi pääkaupunkia sijaitsevat Río de la Platan rannalla? Montevideo
68%
Mikä inkojen "kadonnut kaupunki" on suosittu matkailukohde? Machu Picchu
62%
Mikä valtio omistaa ABC-saaret eli Aruban, Bonairen ja Curaçaon? Alankomaat
61%
Mitkä ovat Bolivian kaksi pääkaupunkia? La Paz
61%
Mikä saariryhmä tunnetaan nimellä "Islas Malvinas" Argentiinassa? Falklandinsaaret
54%
Mikä on Uruguayssa, Argentiinassa ja Brasiliassa sijaitseva viljava aroalue? Pampa
52%
Mitkä ovat Bolivian kaksi pääkaupunkia? Sucre
52%
Mikä yli 3800 metrin korkeudella merenpinnasta sijaitseva järvi on Etelä-Amerikan suurin? Titicaca
50%
Mikä on Kolumbian toiseksi suurin kaupunki? Medellin
46%
Mikä saaristo sijaitsee mantereen eteläkärjessä? Tulimaa
46%
Mikä Chilessä sijaitseva aavikko on maailman kuivin kuuma aavikko? Atacama
45%
Mikä Venezuelassa sijaitseva vesiputous on maailman korkein? Angelin putoukset
38%
Mikä Amazonin sademetsän keskellä sijaitseva kaupunki tunnettiin aiemmin suunnattoman rikkaista kumiparoneistaan? Manaus
33%
Mitä lannoitetta Perulle kuuluvilta Chinchasaarilta kaivettiin 1800-luvulla? Guano
24%
Mikä salmi mahdollistaa yllä olevan ja Etelä-Amerikan mantereen välillä purjehtimisen {Magalhãesin}salmi
24%
Ehtoja vastaavia visoja ei löytynyt
Tulosjakauma
Jokaisen tuloksen saaneiden osuus
Persentiili vastausten määrän mukaan
Tuloshistoriasi
Et ole pelannut tätä visaa